[Event "ESP-ch U10"]
[Site "Salobrena Granada"]
[Date "2017.07.08"]
[Round "9"]
[White "Herranz Suarez, David"]
[Black "Serrano Almendros, Angel"]
[Result "0-1"]
[WhiteElo "1486"]
[BlackElo "1269"]
[PlyCount "94"]
[EventDate "2017.07.03"]
[EventType "swiss"]
[EventRounds "9"]
[EventCountry "ESP"]
[SourceTitle "EXT 2024"]
[Source "ChessBase"]
[SourceDate "2023.10.10"]
[SourceVersion "1"]
[SourceVersionDate "2023.10.10"]
[SourceQuality "1"]

1. d4 d5 2. Bf4 Nf6 3. e3 e6 4. Nf3 Bd6 5. Bg3 b6 6. c4 0-0 7. Nc3 Bb7 8. Be2 Qe7 9. 0-0 Nbd7 10. Ne5 Rfd8 11. Rc1 Rac8 12. Qb3 Bb4 13. Bf3 c6 14. a3 Bxc3 15. bxc3 Nxe5 16. Bxe5 Nd7 17. Bf4 Nf6 18. Ra1 Ba6 19. Be2 Ne4 20. Qa2 Nxc3 21. Qd2 Nxe2+ 22. Qxe2 Bxc4 23. Qc2 Bxf1 24. Kxf1 c5 25. Qd3 cxd4 26. exd4 Rc4 27. Rd1 Rdc8 28. Qg3 Rc3 29. f3 Qxa3 30. Bh6 Qf8 31. h4 f6 32. Ra1 Qf7 33. Re1 Qg6 34. Qh3 gxh6 35. Qxe6+ Kg7 36. Qd7+ Kh8 37. Rd1 Rc1 38. Rxc1 Rxc1+ 39. Kf2 Rc2+ 40. Ke3 Rxg2 41. Qd8+ Kg7 42. Qd7+ Qf7 43. Qf5 Qe7+ 44. Kf4 Qd6+ 45. Ke3 Qa3+ 46. Qd3 Qc1+ 47. Qd2 Qxd2# 0-1